FINANCIAL ACCOUNTING THE BASICS (Record no. 31991)
[ view plain ]
| 000 -LEADER | |
|---|---|
| fixed length control field | 00333nam a2200133Ia 4500 |
| 008 - FIXED-LENGTH DATA ELEMENTS--GENERAL INFORMATION | |
| fixed length control field | 240624s9999 xx 000 0 und d |
| 041 ## - LANGUAGE CODE | |
| Language code of text/sound track or separate title | eng |
| 082 ## - DEWEY DECIMAL CLASSIFICATION NUMBER | |
| Classification number | 657 BAS |
| 100 ## - MAIN ENTRY--PERSONAL NAME | |
| Personal name | BASIOUDIS ILIAS G |
| 245 ## - TITLE STATEMENT | |
| Title | FINANCIAL ACCOUNTING THE BASICS |
| 260 ## - PUBLICATION, DISTRIBUTION, ETC. | |
| Date of publication, distribution, etc. | 2019 |
| Place of publication, distribution, etc. | London |
| Name of publisher, distributor, etc. | Routledge |
| 300 ## - PHYSICAL DESCRIPTION | |
| Extent | x, 390 p.; 17 cm. |
| 365 ## - TRADE PRICE | |
| Currency code | BPS |
| Price amount | 31 |
| Withdrawn status | Lost status | Damaged status | Not for loan | Home library | Current library | Shelving location | Date acquired | Total Checkouts | Total Renewals | Full call number | Barcode | Date last seen | Date last checked out | Copy number | Price effective from | Koha item type |
|---|---|---|---|---|---|---|---|---|---|---|---|---|---|---|---|---|
| IMTN | IMTN | Rack 20-A | 03/03/2020 | 2 | 1 | 657 BAS | 31991 | 10/08/2024 | 10/03/2024 | 97.4 | 06/24/2024 | Books |